00508nam a2200169Ia 4500008004100000082002000041100002800061245003700089250000600126260002400132300001000156500002400166650002400190942000700214952010000221999001700321230524s9999 xx 000 0 und d a954.052092bGOY aKaushal K. Goyal945121 0aA.P.J. Abdul Kalam : A Biography a1 aDelhibPigeonc2021 a163p; aQuantity Number: 1 aMiscellaneous91877 cBK 00104070aTATCLbTATCLcGENd2023-05-24l0o954.052092 GOYp60745r2023-05-24w2023-05-24yBK c60745d60745